The Falklands War

The Falklands War of 1982 was a small war, but one with large resonances. The Argentine invasion of the one of the few remaining British colonies on 2 April might have been prevented by a more coherent British foreign policy, better intelligence analysis, and military precautions; and once the crisi...

Πλήρης περιγραφή

Λεπτομέρειες βιβλιογραφικής εγγραφής
Κύριος συγγραφέας: Boyce, D. George (Συγγραφέας)
Συγγραφή απο Οργανισμό/Αρχή: SpringerLink (Online service)
Μορφή: Ηλεκτρονική πηγή Ηλ. βιβλίο
Γλώσσα:English
Έκδοση: London : Macmillan Education UK : Imprint: Palgrave, 2005.
Σειρά:Twentieth-Century Wars
Θέματα:
Διαθέσιμο Online:Full Text via HEAL-Link
LEADER 02826nam a22004215i 4500
001 978-0-230-80198-1
003 DE-He213
005 20161221073032.0
007 cr nn 008mamaa
008 161221s2005 xxk| s |||| 0|eng d
020 |a 9780230801981  |9 978-0-230-80198-1 
024 7 |a 10.1007/978-0-230-80198-1  |2 doi 
040 |d GrThAP 
050 4 |a D17-D24.5 
072 7 |a HBG  |2 bicssc 
072 7 |a HIS037000  |2 bisacsh 
082 0 4 |a 909  |2 23 
100 1 |a Boyce, D. George.  |e author. 
245 1 4 |a The Falklands War  |h [electronic resource] /  |c by D. George Boyce. 
264 1 |a London :  |b Macmillan Education UK :  |b Imprint: Palgrave,  |c 2005. 
300 |a 264 p.  |b online resource. 
336 |a text  |b txt  |2 rdacontent 
337 |a computer  |b c  |2 rdamedia 
338 |a online resource  |b cr  |2 rdacarrier 
347 |a text file  |b PDF  |2 rda 
490 1 |a Twentieth-Century Wars 
520 |a The Falklands War of 1982 was a small war, but one with large resonances. The Argentine invasion of the one of the few remaining British colonies on 2 April might have been prevented by a more coherent British foreign policy, better intelligence analysis, and military precautions; and once the crisis began, it could have possibly ended by negotiation. Instead it involved both countries in a short, but intense, conflict which cost the lives of 255 British, and 625 Argentine, personnel. The Falklands War - examines the interaction between military force and diplomacy, shedding light on their often hidden relationship - explores the deeply personal response of the British and Argentine public to the conflict - assesses the relationship between the Government and the media, and considers the interpretation of the war in Britain - analyses the effect of the conflict on the concept of 'Thatcher's Britain' The Falklands War exemplified what one historian has called the 'myriad faces of war'. It was the last war which Britain fought outside a coalition or an international organisation, and, far from being marginal to Britain's key role as part of the defence system against the Soviet threat, it held a mirror up to the face of the British people in the late twentieth century. Authoritative and clear, this is the ideal introduction for anyone with an interest in one of Britain's most significant military engagements, its impact and consequences. 
650 0 |a History. 
650 0 |a World history. 
650 1 4 |a History. 
650 2 4 |a World History, Global and Transnational History. 
710 2 |a SpringerLink (Online service) 
773 0 |t Springer eBooks 
776 0 8 |i Printed edition:  |z 9780333753965 
830 0 |a Twentieth-Century Wars 
856 4 0 |u http://dx.doi.org/10.1007/978-0-230-80198-1  |z Full Text via HEAL-Link 
912 |a ZDB-2-SHU 
950 |a Humanities, Social Sciences and Law (Springer-11648)